<?xml version="1.0" encoding="UTF-8"?>
<record
    xmlns:xsi="http://www.w3.org/2001/XMLSchema-instance"
    xsi:schemaLocation="http://www.loc.gov/MARC21/slim http://www.loc.gov/standards/marcxml/schema/MARC21slim.xsd"
    xmlns="http://www.loc.gov/MARC21/slim">

  <leader>00975nam a2200157Ia 4500</leader>
  <controlfield tag="008">220216s9999    xx            000 0 und d</controlfield>
  <datafield tag="100" ind1=" " ind2=" ">
    <subfield code="a">Shamsul Bahri A R</subfield>
  </datafield>
  <datafield tag="245" ind1=" " ind2="0">
    <subfield code="a">Immunocytochemical localisation of rubber membrane protein in Hevea latex</subfield>
  </datafield>
  <datafield tag="260" ind1=" " ind2=" ">
    <subfield code="b">Journal of Natural Rubber Research</subfield>
    <subfield code="c">1996</subfield>
  </datafield>
  <datafield tag="300" ind1=" " ind2=" ">
    <subfield code="a">88-95</subfield>
  </datafield>
  <datafield tag="520" ind1=" " ind2=" ">
    <subfield code="a">Immunogold double labelling technique by electron microscopy was employed to localise the 14 kDa and 24 kDa protein obtained from rubber particle membrane in Hevea latex. These proteins were used to elicit antibodies in rabbits. The two antibodies showed selective labelling on the rubber particles: 14 kDa antibody bound more to the larger rubber particles (&gt;_0.3 mm) whereas the 24 kDa antibody more to the smallerr rubber particles (&lt;_ 0.2 mm). The use of osmium tetroxide to fix rubber particles did not distroy the antigenic sites.</subfield>
  </datafield>
  <datafield tag="650" ind1=" " ind2=" ">
    <subfield code="a">Hevea latex</subfield>
  </datafield>
  <datafield tag="650" ind1=" " ind2=" ">
    <subfield code="a">Rubber membrane</subfield>
  </datafield>
  <datafield tag="700" ind1=" " ind2=" ">
    <subfield code="a">Hamzah Samsidar</subfield>
  </datafield>
  <datafield tag="942" ind1=" " ind2=" ">
    <subfield code="c">JS</subfield>
  </datafield>
  <datafield tag="999" ind1=" " ind2=" ">
    <subfield code="c">60700</subfield>
    <subfield code="d">60700</subfield>
  </datafield>
  <datafield tag="952" ind1=" " ind2=" ">
    <subfield code="0">0</subfield>
    <subfield code="1">0</subfield>
    <subfield code="4">0</subfield>
    <subfield code="7">8</subfield>
    <subfield code="a">MAIN</subfield>
    <subfield code="b">MAIN</subfield>
    <subfield code="c">64</subfield>
    <subfield code="d">2021-12-17</subfield>
    <subfield code="h">Volume 11, Issue 2</subfield>
    <subfield code="l">0</subfield>
    <subfield code="r">2021-12-17 00:00:00</subfield>
    <subfield code="w">2022-02-16</subfield>
    <subfield code="y">JS</subfield>
  </datafield>
</record>
